| 000 | 00542cam a2200169 4500 | ||
|---|---|---|---|
| 001 | ABS61125 | ||
| 008 | 000000n1999 000 0 eng u | ||
| 035 | _a(Sirsi) u101689 | ||
| 100 | _aRussell, P. | ||
| 245 | _aCosts to the winner. | ||
| 260 | _c1999 | ||
| 490 |
_aIRRV Insight _v(12), August 1999, 18(1) |
||
| 520 | _aConsiders the implications of the Court of Appeal judgment "Stretch v West Dorset DC (No. 2)", where the council's costs were ordered to be paid from public funds. | ||
| 650 | _aCOSTS | ||
| 690 | _aLAW | ||
| 942 | _n0 | ||
| 999 |
_c60814 _d60814 |
||